| 000 | 01330nam a2200289 a 4500 | ||
|---|---|---|---|
| 001 | BRCA_3370 | ||
| 005 | 20190320204240.0 | ||
| 041 | _aeng | ||
| 044 | _aenk | ||
| 084 |
_a659 _b.M33 _c1900 |
||
| 100 | 1 |
_aCervantes Saavedra, Miguel de _d1547-1616 _9213 |
|
| 245 | 1 | 0 |
_aThe History of the Valorous and Witty Knight-Errant Don Quixote of la Mancha _cBy Miguel de Cervantes ; Translated by Thomas Shelton. |
| 260 |
_aLondres _bMacmillan and Co. _c1900 |
||
| 300 |
_a3 v. _c23 cm. |
||
| 500 | _aContenido : v.1. Primera parte. Nota bibliográfica por A. W. Pollard. Prólogo de Cervantes. Versos preliminares. -- v.2. Primera parte. Texto. Segunda parte. Prólogo de Cervantes. -- v.3. Segunda parte. Texto. Glosario | ||
| 500 | _aReproducción bellamente impresa de la versión de Thomas Shelton, con una nota bibliográfica escrita por A. W. Pollard. Tela Lúdovik Osterc | ||
| 500 | _aQM1090 | ||
| 546 | _aTexto en : inglés | ||
| 650 | 1 | 4 |
_aNovela española _yÉpoca clásica, 1500-1700 _9215 |
| 650 | 1 | 4 |
_aLiteratura española _yÉpoca clásica, 1500-1700 _9216 |
| 650 | 1 | 4 |
_aNovela española _ySiglo XVII _9217 |
| 650 | 1 | 4 |
_aDon Quixote (Personaje fictico) _eNovela _98875 |
| 700 | 1 |
_aShelton, Thomas _d?-1626 _eTraductor _98876 |
|
| 740 | 0 | _aEl Ingenioso Hidalgo Don Quijote de la Mancha | |
| 902 | _aQFM | ||
| 942 |
_2lcc _cB |
||
| 999 |
_c3106 _d3106 |
||